Länder, die an Sambia grenzen - Statistiken

Allgemein
  • Dieses Quiz wurde 1.852 mal gespielt
  • Das Durchschnittsergebnis liegt bei 7 aus 8
Antwortstatistiken
Länge (km) Land % Korrekt
1'930 DR Kongo
96%
797 Simbabwe
94%
<1 Botswana
93%
419 Mosambik
91%
233 Namibia
91%
1'110 Angola
90%
338 Tansania
88%
837 Malawi
85%
Keine übereinstimmenden Quizze gefunden
Verteilung der Resultate
Anzahl Personen mit jedem Resultat
Perzentil nach korrekt beantworteten Fragen
Ihre Resultats-Entwicklung
Sie haben dieses Quiz noch nicht gespielt